| 000 | 00837nam a2200241 a 4500 | ||
|---|---|---|---|
| 008 | |||
| 020 | _a0702012246 (hbk.) | ||
| 049 | _aMAIN | ||
| 090 |
_aRG101 _bBAI |
||
| 245 | 1 | 0 |
_aBailliere's clinical obstetrics and gynaecology : _brenal disease in pregnancy/ _cedited by Marshall D. Lindheimer and John M. Davison. |
| 260 |
_aLondon : _bBailliere Tindall, _c1987. |
||
| 300 |
_avi, 1050 p. : _bill. ; _c23 cm. |
||
| 490 |
_aInternational practice and research _vol.1/no 4. |
||
| 500 | _aIncludes index. | ||
| 504 | _aIncludes bibliographical references. | ||
| 650 | _aRenenal disease in pregnancy. | ||
| 650 | 1 | _aClinical obstetrics and gynaecology. | |
| 907 |
_a.b10291660 _b08-06-11 _c17-02-11 |
||
| 003 | |||
| 005 | 20230120204057.0 | ||
| 040 | _cNUST | ||
| 942 |
_cBOOKS _kRG101 _mBAI |
||
| 999 |
_c116694 _d116694 |
||